Statistiques concernant Sondage: Quelle matière est votre point fort ?

Cliquez ici pour prendre le quiz!

Statistiques générales

  • Ce quiz a été pris 87 fois
  • Le résultat moyen est 6 sur 16

Statistiques - réponses

NomRéponsesMa réponse% Correct
AMathématiquesA
61%
MSportM
48%
CChimieC
42%
IHistoireI
40%
BPhysiqueB
39%
GLangue étrangère (anglais, espagnol, allemand...)G
38%
EInformatiqueE
35%
JGéographieJ
35%
HLangues et cultures de l'AntiquitéH
30%
OArtsO
30%
DTechnologie/Science de l'ingénieurD
29%
LSESL
29%
NMusiqueN
29%
FFrançaisF
25%
PAutreP
25%
KPhilosophieK
21%

Distribution des résultats

Percentile par nombre de réponses

% des personnes avec chaque résultat

Votre développement - résultats

Vous n’avez pas pris ce quiz